000 00763nab a22002417a 4500
001 09236
003 HDC
007 cr bn ---aaaaa
008 210128c20110114my ||||| |||| 00| 00may d
040 _aHDC
100 _aSophia Ahmad,
_eauthor
_99206
245 0 _aHDC sasar pelabur baru RM2 billion /
_cSophia Ahmad
336 _atext
_2rdacontent
337 _acomputer
_2rdamedia
338 _aonline resource
_2rdacarrier
650 _aHalal food industry
_9128
650 _aInvestments
_91553
710 _aBerita Harian
856 _zRequest full-text at [email protected]
942 _2lcc
942 _cNEWS
942 _kNWSC 002243
999 _c6559
_d6559